[Event "Bygger'n Masters"]
[Site "Gausdal NOR"]
[Date "2005.10.04"]
[Round "4"]
[White "Aarland,St"]
[Black "Antic,De"]
[Result "0-1"]
[WhiteElo "2278"]
[BlackElo "2519"]

1.e4 c5 2.Nf3 d6 3.Bb5+ Nc6 4.O-O Bd7 5.c3 a6 6.Ba4 b5 7.Bc2 Bg4 8.h3 Bxf3
9.Qxf3 g6 10.a4 Rb8 11.axb5 axb5 12.Qe2 Nf6 13.f4 Bg7 14.e5 Nd5 15.e6 fxe6
16.Qxe6 Nc7 17.Qg4 O-O 18.Be4 d5 19.Bf3 e5 20.d3 Qd6 21.fxe5 Nxe5 22.Bf4 Ne6
23.Bxe5 Bxe5 24.Be2 Nf4 25.Rf2 h5 26.Qf3 b4 27.Bf1 bxc3 28.bxc3 h4 29.Qg4 Nh5
30.Rf3 Rxf3 31.gxf3 Bh2+ 32.Kh1 Bf4 33.Bg2 Ng3+ 34.Kh2 Ne4+ 35.Kg1 Be3+ 36.Kf1 Ng3+
37.Ke1 Re8 38.Kd1 Qb6 39.f4 Qb3+ 40.Ke1 Bxf4+ 41.Be4 Nxe4 42.Qxg6+ Kf8 43.dxe4 Rxe4+
44.Kf2 Bg3+ 45.Kf3 Qd1+ 46.Kg2 Qe2+ 47.Kh1 Qf3+  0-1

[Event "Open A"]
[Site "Hamburg GER"]
[Date "2005.10.04"]
[Round "4"]
[White "Czeremin,C"]
[Black "Asendorf,J"]
[Result "0-1"]
[WhiteElo "2111"]
[BlackElo "2328"]

1.e4 c5 2.Nf3 d6 3.Bb5+ Bd7 4.Bxd7+ Qxd7 5.O-O Nf6 6.Re1 Nc6 7.c3 e6 8.d4 cxd4
9.cxd4 d5 10.Nc3 dxe4 11.Nxe4 Rd8 12.Nxf6+ gxf6 13.Be3 Qd5 14.Qe2 Rg8 15.Red1 Qe4
16.g3 Rd5 17.Rac1 Be7 18.a3 h5 19.h4 f5 20.Rd2 f4 21.Ne5 fxe3 22.Qxh5 Rxe5  0-1

[Event "Open A"]
[Site "Hamburg GER"]
[Date "2005.10.04"]
[Round "4"]
[White "Wippermann,T"]
[Black "Gouliev,N"]
[Result "0-1"]
[WhiteElo "2446"]
[BlackElo "2572"]

1.e4 c5 2.Nf3 d6 3.Bb5+ Bd7 4.Bxd7+ Qxd7 5.O-O Nf6 6.e5 dxe5 7.Nxe5 Qc8 8.d4 e6
9.Nc3 Nc6 10.Be3 cxd4 11.Bxd4 Be7 12.Nxc6 Qxc6 13.Qe2 O-O 14.Rad1 a6 15.Rd3 Rfd8
16.Rfd1 Kf8 17.Bxf6 Bxf6 18.Rxd8+ Rxd8 19.Rxd8+ Bxd8 20.Qd3 Bf6 21.Ne4 Be7
22.c4 f5 23.Nc3 Qd6 24.Qxd6 Bxd6 25.b3 Ke7 26.Ne2 Be5 27.f4 Bb2 28.Kf2 Kd6
29.Ke3 Kc5 30.Kd3 Kb4 31.Kc2 Ka3 32.Kb1 a5 33.h3 h6 34.Ng1 Bf6 35.Nf3 a4
36.bxa4 Kb4 37.Nd2 Bc3 38.Nb3 Kxc4 39.Kc2 Bb4 40.a3 Be1 41.Nc1 Bf2 42.Nd3 Bc5
43.Ne5+ Kd4 44.Kb3 Bd6 45.Nf7 Bxf4 46.Nd8 e5 47.Ne6+ Kd3 48.Nxg7 e4 49.Nxf5 e3
50.Nh4 e2 51.Nf3 Bd2 52.g4 e1=Q 53.Nxe1+ Bxe1 54.a5 Bxa5 55.h4 Bd8 56.g5 Bxg5  0-1

[Event "Vojvodina Quality League"]
[Site "Pancevo SCG"]
[Date "2005.10.05"]
[Round "4"]
[White "Kosanovic,G"]
[Black "Stupavski,Z"]
[Result "1/2-1/2"]
[WhiteElo "2408"]
[BlackElo "2359"]

1.e4 c5 2.Nf3 d6 3.Bb5+ Bd7 4.Bxd7+ Qxd7 5.O-O Nf6 6.Re1 Nc6 7.c3 e6 8.d4 cxd4
9.cxd4 d5 10.e5 Ne4 11.Nbd2 Nxd2 12.Bxd2 Be7 13.Rc1 O-O 14.Rc3 Bd8 15.h4 Bb6
16.Rd3 Rac8 17.Bc3 Ne7 18.h5 Nf5 19.g3 Kh8 20.Kg2 f6 21.Bd2 Qf7 22.Rh1 Nxd4
23.h6 fxe5 24.hxg7+ Qxg7 25.Bh6 Qf6 26.Bxf8 Rxf8 27.Rh5 e4 28.Nxd4 Qxf2+
29.Kh3 Bxd4 30.Rxd4 Rg8 31.Rd3 exd3 32.Qxd3 Rg7 33.Rh4 Qxb2 34.Rf4 Qe5 35.Qf3 Qg5
36.Rf8+ Rg8 37.Rf7 e5 38.Rxb7 h5 39.Rxa7 Qg4+ 40.Kg2 Qxf3+ 41.Kxf3 e4+ 42.Kf2 Rd8
43.Re7 Kg8 44.Re5 Kf7 45.Ke3 d4+ 46.Kxe4 d3 47.Rf5+  1/2-1/2

[Event "Belgrade Premier League"]
[Site "Belgrade SCG"]
[Date "2005.10.06"]
[Round "6"]
[White "Starcevic,G"]
[Black "Jovicic,Milo"]
[Result "0-1"]
[WhiteElo "2179"]
[BlackElo "2365"]

1.e4 c5 2.Nf3 d6 3.Bb5+ Bd7 4.a4 Nc6 5.O-O Nf6 6.d3 a6 7.Bxc6 Bxc6 8.a5 g6
9.Nbd2 Bg7 10.Nc4 Nd7 11.Bg5 h6 12.Bh4 O-O 13.Nxd6 g5 14.Nf5 gxh4 15.N3xh4 e6
16.Nxg7 Kxg7 17.g3 Kh7 18.Qe2 f5 19.Ng2 Qf6 20.Nf4 Rae8 21.c3 fxe4 22.dxe4 Ne5
23.b3 Rg8 24.Kh1 Ng6 25.Nxg6 Qxg6 26.f3 Bb5 27.c4 Bc6 28.Rad1 Rd8 29.Rd3 Rxd3
30.Qxd3 Qf6 31.Rd1 Qe5 32.Kg1 Rg7 33.Qe3 Rd7 34.Rxd7+ Bxd7 35.Kg2 Bc6 36.h4 Qd6
37.e5 Qd4 38.Qe2 Be8 39.g4 Bg6 40.Kg3 Qc3 41.h5 Bc2 42.Kh4 Bb1 43.f4 Qc2
44.Qxc2+ Bxc2 45.f5 Bxb3 46.f6 Bxc4 47.g5 Bd3 48.gxh6 Kxh6 49.Kg3 Bb5 50.Kf4 Be8
51.Ke3 Kxh5 52.Kd3 Kg5 53.Kc4 Kf5 54.Kxc5 Kxe5  0-1

[Event "Open A"]
[Site "Hamburg GER"]
[Date "2005.10.06"]
[Round "6"]
[White "Caruana,F"]
[Black "Kovchan,A"]
[Result "0-1"]
[WhiteElo "2373"]
[BlackElo "2504"]

1.e4 c5 2.Nf3 d6 3.Bb5+ Nc6 4.Bxc6+ bxc6 5.O-O Bg4 6.d3 Nf6 7.c3 Nd7 8.h3 Bh5
9.Be3 e6 10.Nbd2 Qc7 11.Bf4 Be7 12.Qc2 O-O 13.b4 cxb4 14.cxb4 Qb7 15.Rab1 d5
16.Ne5 Rfc8 17.a3 Nxe5 18.Bxe5 Qa6 19.Rb3 c5 20.bxc5 f6 21.Bb2 Bxc5 22.Qb1 Qd6
23.d4 Bb6 24.Re1 Bg6 25.Bc3 Qf4 26.Qd3 Rd8 27.g3 Qd6 28.Qe2 dxe4 29.Nxe4 Qd5
30.Rb5 Qc6 31.Nc5 Bf7 32.a4 a6 33.Rxb6 Qxb6 34.Nxe6 Qxe6 35.Qxe6 Bxe6 36.Rxe6 Kf7
37.Re3 Rab8 38.Kf1 Rb3 39.Ke2 Re8 40.Kd3 Ra3 41.Rxe8 Kxe8 42.a5 Kd7 43.d5 Ra4  0-1

[Event "5th ch-Asian"]
[Site "Hyderabad IND"]
[Date "2005.10.06"]
[Round "1"]
[White "Girinath,P"]
[Black "Nguyen Anh Dung"]
[Result "0-1"]
[WhiteElo "2392"]
[BlackElo "2551"]

1.e4 c5 2.Nf3 d6 3.Bb5+ Nc6 4.O-O Bg4 5.Re1 e5 6.d3 Be7 7.Nbd2 Nf6 8.h3 Bd7
9.Nf1 O-O 10.Ng3 Re8 11.Nh2 a6 12.Bxc6 Bxc6 13.Nf5 h6 14.Ng4 Bf8 15.Qf3 Nxg4
16.hxg4 d5 17.g3 c4 18.Kg2 cxd3 19.cxd3 Qa5 20.Re2 dxe4 21.dxe4 Rad8 22.g5 Bb5
23.Re3 hxg5 24.Qh5 Re6 25.Rc3 Qa4 26.f3 Qd1 27.Rc7 g6 28.Qxg5 Qf1+ 29.Kh2 Rd1
30.Nh6+ Bxh6 31.Rc8+ Be8  0-1

[Event "5th ch-Asian"]
[Site "Hyderabad IND"]
[Date "2005.10.06"]
[Round "1"]
[White "Zhou Weiqi"]
[Black "Kotsur,P"]
[Result "1-0"]
[WhiteElo "2416"]
[BlackElo "2587"]

1.Nf3 c5 2.e4 d6 3.Bb5+ Nd7 4.d4 Nf6 5.Nc3 a6 6.Bxd7+ Nxd7 7.Bg5 h6 8.Be3 b6
9.O-O e6 10.d5 e5 11.a4 Be7 12.Nd2 Nf6 13.h3 O-O 14.f4 exf4 15.Bxf4 Ne8 16.Nc4 Bd7
17.Qe2 b5 18.axb5 Bxb5 19.Nxb5 axb5 20.Rxa8 Qxa8 21.Ne3 Nf6 22.Nf5 Re8 23.Bxd6 Bd8
24.Qxb5 Rxe4 25.Rd1 g6 26.Ng3 Rd4 27.Rxd4 cxd4 28.Ne4 Qa1+ 29.Kh2 Qe1 30.Nxf6+ Bxf6
31.Bg3 Qe3 32.d6 h5 33.d7 h4 34.Bd6 Kh7 35.Qb8 d3 36.cxd3  1-0

[Event "Vojvodina Quality League"]
[Site "Pancevo SCG"]
[Date "2005.10.06"]
[Round "6"]
[White "Roganovic,Milo"]
[Black "Orlov,K"]
[Result "1-0"]
[WhiteElo "2244"]
[BlackElo "2255"]

1.e4 c5 2.Nf3 d6 3.Bb5+ Bd7 4.Bxd7+ Qxd7 5.c4 g6 6.d4 Bg7 7.Nc3 cxd4 8.Nxd4 Nc6
9.Be3 Rc8 10.b3 Nf6 11.f3 O-O 12.O-O e6 13.Qd2 d5 14.Nxc6 bxc6 15.e5 Ne8
16.Bc5 Bxe5 17.Bxf8 Kxf8 18.Rad1 Nf6 19.Ne4 Qb7 20.Nxf6 Bxf6 21.cxd5 exd5
22.f4 Qb6+ 23.Kh1 d4 24.Qd3 Re8 25.Rde1 Rxe1 26.Rxe1 Kg7 27.g3 Qa5 28.Re2 Qd5+
29.Qe4 Qb5 30.Kg2 a5 31.g4 h6 32.h4 Bxh4 33.Qxd4+ Bf6 34.Qc4 Qb7 35.Qc5 Qd7
36.Kg3 Qd1 37.Re8 Kh7 38.Qxc6 Qg1+ 39.Qg2 Qd1 40.Re3 h5 41.gxh5 gxh5 42.Kh2 Qd6
43.Qe4+ Kh6 44.Re2 Qd1 45.Rg2 Qd8 46.Qf5 Qd4 47.a3 Qd6 48.b4 axb4 49.axb4 Qd4
50.b5 Qd6 51.Rc2 Kg7 52.Rg2+ Kh6 53.Qe4 h4 54.Qf5 Qd4 55.Kh3 Qe3+ 56.Kg4 Kg7
57.Kh5+ Kf8 58.Qxf6 Qf3+ 59.Rg4 h3 60.Qd8+  1-0

[Event "Lichtenrader Autumn"]
[Site "Berlin GER"]
[Date "2005.10.07"]
[Round "5"]
[White "Manukian,Ar"]
[Black "Federau,J"]
[Result "0-1"]
[WhiteElo "2113"]
[BlackElo "2220"]

1.e4 c5 2.Nf3 d6 3.Bb5+ Bd7 4.Bxd7+ Nxd7 5.O-O Ngf6 6.Re1 g6 7.c3 Bg7 8.d4 O-O
9.e5 dxe5 10.dxe5 Ng4 11.e6 Nde5 12.Qxd8 Raxd8 13.Nxe5 Nxe5 14.exf7+ Kxf7
15.Na3 Nd3 16.Re2 a6 17.Bg5 Bf6 18.h4 b5 19.Rd1 Rd6 20.Bxf6 Kxf6 21.b3 Rfd8
22.g3 Ne5 23.Rxd6+ Rxd6 24.c4 bxc4 25.Nxc4 Nxc4 26.bxc4 Rd1+ 27.Kg2 Rc1 28.Rb2 Rxc4
29.Rb6+ Ke5 30.Rxa6 Re4 31.h5 gxh5 32.Rh6 Kd4 33.Rxh5 c4 34.Rxh7 c3 35.Rh8 c2
36.Rh1 Kd3 37.Kf3 Re6 38.g4 Kd2 39.Rh5 c1=Q 40.Rd5+ Ke1  0-1

[Event "Open A"]
[Site "Hamburg GER"]
[Date "2005.10.07"]
[Round "5"]
[White "Hebbinghaus,H"]
[Black "Schramm,B"]
[Result "1/2-1/2"]
[WhiteElo "2288"]
[BlackElo "2124"]

1.e4 c5 2.Nf3 d6 3.Bb5+ Nd7 4.d4 cxd4 5.Qxd4 a6 6.Bxd7+ Bxd7 7.Nc3 Nf6 8.Bg5 Qa5
9.O-O Bc6 10.b4 Qd8 11.Nd5 Nd7 12.c4 f6 13.Bh4 e6 14.Nc3 b6 15.Bg3 Qc7 16.Rac1 Rc8
17.Nd5 Qb7 18.Rfe1 Kf7 19.Nc3 Ne5 20.Nd2 Bd7 21.a3 Be7 22.f4 Nc6 23.Qd3 b5
24.f5 Ne5 25.Bxe5 dxe5 26.fxe6+ Bxe6 27.c5  1/2-1/2

[Event "Open A"]
[Site "Hamburg GER"]
[Date "2005.10.07"]
[Round "5"]
[White "Kroencke,M"]
[Black "Ernst,T"]
[Result "0-1"]
[WhiteElo "2194"]
[BlackElo "2475"]

1.e4 c5 2.Nf3 d6 3.Bb5+ Nd7 4.O-O Nf6 5.Nc3 e5 6.d3 Be7 7.Bg5 O-O 8.Qd2 h6
9.Bxd7 Bxd7 10.Bxf6 Bxf6 11.Nd5 Be6 12.Nxf6+ Qxf6 13.Qe3 Qe7 14.Rfe1 Rae8
15.Nd2 f5 16.f3 f4 17.Qf2 g5 18.h3 h5 19.c4 Rf7 20.Kf1 g4 21.hxg4 hxg4 22.fxg4 Bxg4
23.Nf3 Rg7 24.Ke2 Kf7 25.Rh1 Ke6 26.Rh6+ Kd7 27.Rah1 Reg8 28.R1h2 b6 29.Kd2 Kc7
30.Ne1 Bd7 31.Rh8 Rxh8 32.Rxh8 Qg5 33.Qh4 Qxh4 34.Rxh4 b5 35.b3 a5 36.Rh8 a4
37.cxb5 Bxb5 38.bxa4 Bxa4 39.Ra8 Bc6 40.Ra7+ Bb7 41.Ke2 Kb6 42.Ra3 c4 43.dxc4 Bxe4
44.Kf2 Kc5 45.Ra4 Rb7 46.Nf3 Rb2+ 47.Kg1 Bxf3 48.gxf3 Rc2  0-1

[Event "Open A"]
[Site "Hamburg GER"]
[Date "2005.10.07"]
[Round "5"]
[White "Schlawin,M"]
[Black "Wippermann,T"]
[Result "0-1"]
[WhiteElo "2298"]
[BlackElo "2446"]

1.e4 c5 2.Nf3 d6 3.Bb5+ Nd7 4.d4 Nf6 5.Nc3 cxd4 6.Qxd4 e5 7.Qe3 Be7 8.a4 O-O
9.O-O Qc7 10.Qe2 h6 11.Bc4 Nc5 12.Nh4 Kh7 13.b4 Ncxe4 14.Nxe4 Nxe4 15.Qxe4+ f5
16.Nxf5 Bxf5 17.Qe2 Rac8 18.Bd3 d5 19.Bxf5+ Rxf5 20.Qg4 Qxc2 21.Ra2 Rc4 22.Qh3 Qe4
23.f3 Rxc1  0-1

[Event "Vojvodina Quality League"]
[Site "Pancevo SCG"]
[Date "2005.10.08"]
[Round "8"]
[White "Roganovic,Milo"]
[Black "Munizaba,S"]
[Result "1/2-1/2"]
[WhiteElo "2244"]
[BlackElo "2329"]

1.e4 c5 2.Nf3 d6 3.Bb5+ Bd7 4.Bxd7+ Qxd7 5.c4 Nc6 6.d4 cxd4 7.Nxd4 g6 8.Nc3 Bg7
9.Be3 Nf6 10.f3 O-O 11.O-O a6 12.Rc1 Nxd4 13.Bxd4 b5 14.Nd5 Nxd5 15.cxd5 Rfc8
16.Bxg7 Kxg7 17.Qd4+ f6 18.Qb6 Kf7 19.Kf2 a5  1/2-1/2

[Event "It A"]
[Site "Stepanakert ARM"]
[Date "2005.10.08"]
[Round "6"]
[White "Macieja,B"]
[Black "Aronian,L"]
[Result "0-1"]
[WhiteElo "2592"]
[BlackElo "2724"]

1.e4 c5 2.Nf3 d6 3.Bb5+ Nc6 4.O-O Bd7 5.Re1 Nf6 6.c3 a6 7.Bf1 Bg4 8.d3 e6
9.h3 Bh5 10.g4 Bg6 11.Nh4 Qc7 12.f4 O-O-O 13.Nd2 d5 14.e5 Nd7 15.Ndf3 Be7
16.Bg2 Kb8 17.Be3 f6 18.Nxg6 hxg6 19.d4 cxd4 20.cxd4 f5 21.g5 Rc8 22.Re2 Na5
23.Rc1 Qb6 24.Rxc8+ Rxc8 25.Rc2 Nc4 26.Bc1 Rc6 27.Bf1 Na5 28.Kf2 Bd8 29.Be3 Nc4
30.Bxc4 Rxc4 31.Rxc4 dxc4 32.d5 Qxb2+ 33.Kg3 Bb6 34.Bxb6 Qxb6 35.Qa4 Nc5  0-1

[Event "2nd Bundesliga West 2005-6"]
[Site "Austria AUT"]
[Date "2005.10.09"]
[Round "2"]
[White "Sandholzer,R"]
[Black "Bertagnolli,A"]
[Result "0-1"]
[WhiteElo "2106"]
[BlackElo "2281"]

1.e4 c5 2.Nf3 d6 3.Bb5+ Bd7 4.Bxd7+ Qxd7 5.O-O g6 6.c3 Nf6 7.Re1 Bg7 8.d4 O-O
9.h3 Na6 10.Bf4 cxd4 11.cxd4 e5 12.Bh2 exd4 13.Nxd4 Rfe8 14.Nc3 d5 15.e5 Ne4
16.Qb3 Bxe5 17.Bxe5 Rxe5 18.Nf3 Rf5 19.Rad1 Nxc3 20.Qxc3 Rc8 21.Re7 Rxc3
22.Rxd7 Rc7 23.R7xd5 Rxd5 24.Rxd5 Rc1+ 25.Kh2 Rc2 26.Rd2 Rxd2 27.Nxd2 Nb4
28.Ne4 Nxa2 29.Nd6 Nb4 30.Nxb7 Nd3 31.b3 Nxf2 32.Na5 Nd3 33.Nc6 a6 34.Kg3 Kg7
35.Kf3 Kf6 36.Ke3 Nc1 37.b4 Na2 38.Ke4 Ke6 39.b5 Nc3+  0-1

[Event "TCh-BEL 2005-6"]
[Site "Belgium BEL"]
[Date "2005.10.09"]
[Round "1"]
[White "Maze,S"]
[Black "Van der Stricht,G"]
[Result "1/2-1/2"]
[WhiteElo "2506"]
[BlackElo "2401"]

1.e4 c5 2.Nf3 d6 3.Bb5+ Bd7 4.Bxd7+ Qxd7 5.O-O Nc6 6.c3 Nf6 7.Re1 e6 8.d4 cxd4
9.cxd4 d5 10.e5 Ne4 11.Nbd2 Nxd2 12.Bxd2 Rc8 13.Rc1 Be7 14.Rc3 O-O 15.a3 Rc7
16.Rd3 f6 17.exf6 Bxf6 18.Bf4 Rcc8 19.Rde3 Nxd4 20.Nxd4 Bxd4 21.Qxd4 Rc4
22.Qxa7 Rfxf4 23.g3 Rf6 24.Rb3 Rc7 25.Qd4 Rc6 26.Re2 h6 27.Kg2 Qc7 28.f4 Kh8
29.Rbe3 Rc4 30.Qd3 Qc6 31.Re5 Qb6 32.Qe3 d4 33.Qe4 Rc6 34.Rd2 Rd6 35.b4 Rf8
36.Rc5 Rfd8 37.Rd3 Rd5 38.Rc2 Qd6 39.Re2 Qa6 40.Rc2 Qd6 41.Rc4 Qd7 42.Rc1 Qd6
43.Rc2  1/2-1/2

[Event "TCh-BEL 2005-6"]
[Site "Belgium BEL"]
[Date "2005.10.09"]
[Round "1"]
[White "Van den Brande,W"]
[Black "Brunner,N"]
[Result "1/2-1/2"]
[WhiteElo "2219"]
[BlackElo "2392"]

1.e4 c5 2.Nf3 d6 3.Bb5+ Nd7 4.d4 Nf6 5.Nc3 cxd4 6.Qxd4 e5 7.Qd3 h6 8.O-O Be7
9.Be3 O-O 10.Rfe1 Qc7 11.Bc4 Nc5 12.Bxc5 Qxc5 13.Nd2 Be6 14.Rad1 Rac8 15.Bb3 Rfe8
16.Nf1 a6 17.Ne3 b5 18.Ncd5 Nxd5 19.Bxd5 Bg5 20.Bxe6 Rxe6 21.c3 Bxe3 22.Rxe3 Qc4
23.Qxc4 Rxc4 24.f3  1/2-1/2

[Event "Autumn 5"]
[Site "Alushta UKR"]
[Date "2005.10.10"]
[Round "5"]
[White "Zdebskaja,N"]
[Black "Golubev,M"]
[Result "1/2-1/2"]
[WhiteElo "2390"]
[BlackElo "2517"]

1.e4 c5 2.Nf3 d6 3.Bb5+ Bd7 4.Bxd7+ Nxd7 5.O-O Ngf6 6.Qe2 e6 7.b3 g6 8.Bb2 Bg7
9.c4 O-O 10.d4 cxd4 11.Nxd4 Nh5 12.g3 d5 13.Nd2 Qb6 14.N2f3 e5 15.Nc2 dxe4
16.Qxe4 Nc5 17.Qe3 Rfe8 18.Ba3 Nd3 19.Nfe1 e4 20.Rd1 Nf6 21.Nxd3 exd3 22.Qxd3 Ne4
23.Qf3 Ng5 24.Qg4 Ne4 25.Qf3 Ng5 26.Qg4 Ne4 27.Qf3  1/2-1/2

[Event "5th ch-Asian"]
[Site "Hyderabad IND"]
[Date "2005.10.10"]
[Round "5"]
[White "Ak,H"]
[Black "Taleb,M"]
[Result "1/2-1/2"]
[WhiteElo "2299"]
[BlackElo "2510"]

1.e4 c5 2.Nf3 d6 3.Bb5+ Bd7 4.Bxd7+ Qxd7 5.O-O Nc6 6.c3 Nf6 7.Re1 e5 8.d4 Be7
9.Bg5 h6 10.Bxf6 Bxf6 11.dxc5 dxc5 12.Qxd7+ Kxd7 13.Na3 a6 14.Nc4 Kc7 15.Rad1 Rad8
16.Ne3 Ne7 17.Kf1 b5 18.Ng4 Nc6 19.Rd5 Kb6 20.Red1 Rhe8 21.Nxf6 gxf6 22.Rxd8 Rxd8
23.Rxd8 Nxd8 24.Nh4 h5 25.Nf5 Ne6 26.h4 Kc6 27.g4 hxg4 28.h5 Ng5 29.h6 Kd7
30.Ne3 Ke6 31.Ke2 f5 32.Nxf5 Kf6 33.Ne3 g3 34.Ng4+ Kg6 35.Nxe5+ Kxh6 36.fxg3 Nxe4
37.Nxf7+ Kg6 38.Ne5+ Kf5 39.Nd7 Nxg3+ 40.Ke3 Ne4 41.Nb8 a5 42.Nc6 a4 43.Na7 Nd6
44.Kd3 Ke6 45.Nxb5 Nxb5 46.Kc4 a3 47.b3 Nc7 48.Kxc5 Nd5 49.Kc4 Ne3+ 50.Kd3 Nd5
51.b4 Ke5 52.Kc4 Ne3+ 53.Kb3 Kd5  1/2-1/2

[Event "Cupa ULIM"]
[Site "Kishinev MDA"]
[Date "2005.10.11"]
[Round "4"]
[White "Sanduleac,V"]
[Black "Agafii,V"]
[Result "1/2-1/2"]
[WhiteElo "2479"]
[BlackElo "2280"]

1.e4 c5 2.Nf3 d6 3.Bb5+ Bd7 4.Bxd7+ Qxd7 5.O-O Nf6 6.e5 dxe5 7.Nxe5 Qc8 8.Qe2 e6
9.Nc3 Be7 10.d3 O-O 11.Bg5 Nc6 12.Nxc6 Qxc6 13.Rae1 Nd5 14.Ne4 Bxg5 15.Nxg5 h6
16.Ne4 f5 17.Nd2 Rfe8 18.f4 b5 19.a3 Rad8 20.c4 Nb6 21.Nf3 Nd7 22.Qc2 a6
23.Qb3 Rb8 24.Rf2 Qd6 25.Qc3 b4 26.axb4 cxb4 27.Qd4 Qxd4 28.Nxd4 Nc5 29.Rf3 Rbd8
30.Re5 Rxd4 31.Rxc5  1/2-1/2

[Event "Goodbye Summer Open"]
[Site "Omis CRO"]
[Date "2005.10.11"]
[Round "2"]
[White "Markovic,A"]
[Black "Brkic,A"]
[Result "0-1"]
[WhiteElo "2090"]
[BlackElo "2500"]

1.e4 c5 2.Nf3 d6 3.Bb5+ Nc6 4.O-O Bd7 5.c4 e5 6.d3 g6 7.Nc3 Bg7 8.Ne1 Nge7
9.f4 O-O 10.fxe5 dxe5 11.Bg5 f6 12.Bh4 Be6 13.Bxc6 Nxc6 14.Nc2 Qd6 15.Ne3 Rf7
16.Ncd5 f5 17.a3 f4 18.Nc2 Raf8 19.b4 b6 20.bxc5 bxc5 21.Rb1 h6 22.Rb5 f3
23.gxf3 Bh3 24.Rf2 g5 25.Bg3 h5 26.d4 cxd4 27.Nxd4 h4 28.Nxc6 Qxc6 29.Qc1 hxg3
30.hxg3 g4 31.f4 exf4 32.Nxf4 Bd4 33.Rg5+ Rg7 34.Nxh3 gxh3 35.Rxg7+ Kxg7
36.Qg5+ Qg6  0-1

[Event "5th ch-Asian"]
[Site "Hyderabad IND"]
[Date "2005.10.12"]
[Round "6"]
[White "Ramakrishna,J"]
[Black "Suvrajit,S"]
[Result "0-1"]
[WhiteElo "2294"]
[BlackElo "2378"]

1.e4 c5 2.Nf3 d6 3.Bb5+ Bd7 4.Bxd7+ Qxd7 5.O-O Nf6 6.Re1 e6 7.d4 cxd4 8.Nxd4 Be7
9.b3 O-O 10.Bb2 d5 11.exd5 Nxd5 12.c4 Nf6 13.Nf5 Bb4 14.Bxf6 Qxd1 15.Rxd1 gxf6
16.a3 Ba5 17.Ne3 Nc6 18.b4 Bc7 19.Nc3 Be5 20.Rac1 Rfd8 21.Kf1 f5 22.c5 Rxd1+
23.Ncxd1 Rd8 24.Nc4 Bc7 25.Ndb2 a6 26.Rd1 Rxd1+ 27.Nxd1 Kf8 28.h3 Ke7 29.Ke2 a5
30.bxa5 Nd4+ 31.Ke3 Nb3 32.Nc3 Nxc5 33.Nb5 Bd8 34.Nbd6 f6 35.Ke2 Bxa5 36.Nxf5+ exf5
37.Nxa5 Kd6 38.Ke3 Kd5 39.Kf4 b6 40.Kxf5 bxa5 41.Kxf6 a4 42.h4 Kc4 43.f4 Kb3
44.f5 Kxa3 45.Ke7 Ne4 46.g4 h6 47.g5 hxg5 48.h5 g4 49.h6 Ng5 50.Kf6 g3 51.Kxg5 g2
52.h7 g1=Q+ 53.Kh6 Qd4 54.Kg6 Qg4+  0-1

[Event "5th ch-Asian"]
[Site "Hyderabad IND"]
[Date "2005.10.13"]
[Round "7"]
[White "Zhang Zhong"]
[Black "Kotsur,P"]
[Result "1/2-1/2"]
[WhiteElo "2598"]
[BlackElo "2587"]

1.e4 c5 2.Nf3 d6 3.Bb5+ Bd7 4.Bxd7+ Qxd7 5.O-O Nf6 6.Qe2 Nc6 7.Rd1 Rc8 8.c3 e6
9.d3 Be7 10.Nbd2 O-O 11.Nf1 Rfe8 12.Ng3 e5 13.h3 g6 14.Bh6 Kh8 15.d4 exd4
16.cxd4 cxd4 17.Nxd4 Nxd4 18.Rxd4 Qe6 19.Qd2 Rc6 20.b3 Rec8 21.Rd1 Ne8 22.Qe3 Bd8
23.R4d2 Bb6 24.Qf4 Kg8 25.Re2  1/2-1/2

[Event "5th ch-Asian"]
[Site "Hyderabad IND"]
[Date "2005.10.14"]
[Round "8"]
[White "Zhang Zhong"]
[Black "Sadvakasov,D"]
[Result "1-0"]
[WhiteElo "2598"]
[BlackElo "2612"]

1.e4 c5 2.Nf3 d6 3.Bb5+ Bd7 4.Bxd7+ Qxd7 5.c4 Nf6 6.Nc3 g6 7.d4 cxd4 8.Nxd4 Bg7
9.f3 O-O 10.Be3 Nc6 11.O-O a6 12.a4 e6 13.Nde2 Rac8 14.Kh1 Rfe8 15.Bf2 Qc7
16.Rc1 Nd7 17.b3 Nc5 18.Rb1 Kh8 19.Bg3 Qa5 20.Qd2 Qb6 21.Bf2 Qc7 22.Qc2 Nb4
23.Qd1 Ncd3 24.Bg1 Rcd8 25.Nc1 d5 26.Nxd3 dxc4 27.Nxb4 Rxd1 28.Nxd1 cxb3
29.Nd3 Rd8 30.Nc5 Bd4 31.Nxb3 Bxg1 32.Kxg1 b6 33.Nf2 Qc3 34.Rfc1 Qe3 35.h3 h5
36.Kf1 Kg7 37.Rc2 Rd7 38.Nc1 Rd2 39.Rxd2 Qxd2 40.Ncd3 Qe3 41.e5 g5 42.Rb4 a5
43.Re4 Qd2 44.h4 Qc2 45.Ne1 Qb3 46.Nfd3 b5 47.Nc5 Qd5 48.Ned3 b4 49.hxg5 Qa2
50.Re2 Qa1+ 51.Re1 Qc3 52.Re2 Kg6 53.Rb2 Qd4 54.Ke2 Qg1 55.g4 hxg4 56.fxg4 Qxg4+
57.Ke3 Qg1+ 58.Rf2 Kg7 59.Kd4 Qg4+ 60.Rf4 Qg2 61.Rf2 Qd5+ 62.Ke3 Qc4 63.Rf4 Qa2
64.Rf6 Qh2 65.g6 Qg1+ 66.Ke4 fxg6 67.Nxe6+ Kg8 68.Nef4 g5 69.Rg6+ Kh7 70.Kf5 Qd1
71.Rxg5 Qxa4 72.e6 b3 73.Rg2 Qe8 74.Rh2+ Kg7 75.Nh5+ Kf8 76.Nhf4 Ke7 77.Nc5 Kd6
78.Ne4+ Kc6 79.Nf6 Qc8 80.Rh3 b2 81.Rc3+ Kb7 82.Rb3+ Ka6 83.Rxb2 a4 84.N4d5 Ka5
85.Ra2 Qc4 86.e7 Qxa2 87.e8=Q Qf2+ 88.Kg6 Qg1+ 89.Kf7 Qa7+ 90.Kg6 Qg1+ 91.Kf5 Qf2+
92.Ke5 Qh2+ 93.Kd4 Qd2+ 94.Kc5 Qc2+ 95.Kd6 Qh2+ 96.Kd7 Qh3+ 97.Kc6  1-0

[Event "TCh-CZE Extraliga 2005-6"]
[Site "Czech Rep CZE"]
[Date "2005.10.15"]
[Round "1"]
[White "Nedela,V"]
[Black "Heberla,B"]
[Result "0-1"]
[WhiteElo "2374"]
[BlackElo "2465"]

1.e4 c5 2.Nf3 d6 3.Bb5+ Nc6 4.O-O Bg4 5.Re1 a6 6.Bxc6+ bxc6 7.h3 Bxf3 8.Qxf3 e5
9.d3 Ne7 10.Nd2 Ng6 11.Nc4 Be7 12.g3 h5 13.h4 Nf8 14.Kg2 Ne6 15.c3 g6 16.Bd2 Rb8
17.Rad1 Bf6 18.Bc1 Bg7 19.Qe2 O-O 20.Qc2 Qd7 21.f4 exf4 22.gxf4 d5 23.Ne5 Qd6
24.d4 cxd4 25.exd5 Qxd5+ 26.Kg3 Rbe8 27.Qg2 Qxg2+ 28.Kxg2 Bxe5 29.Rxe5 dxc3
30.bxc3 Rd8 31.Rf1 Ng7 32.Ra5 Nf5 33.Rxa6 Rfe8 34.Kf2 Nxh4 35.Re1 Rxe1 36.Kxe1 Ng2+
37.Kf2 Rd1 38.Kxg2 Rxc1 39.Rxc6 Rc2+ 40.Kh3 Rxa2 41.f5 Kg7 42.fxg6 fxg6 43.c4 Ra3+
44.Kg2 Kh6 45.Rc8 Kg5 46.Rd8 Rc3 47.Rd5+ Kh6 48.c5 h4 49.Kh2 g5 50.Rd6+ Kh5
51.c6 Rc4 52.Kh3 g4+ 53.Kg2 Rc2+ 54.Kg1 h3  0-1

[Event "TCh-HUN 2005-6"]
[Site "Hungary HUN"]
[Date "2005.10.16"]
[Round "1"]
[White "Dovzik,J"]
[Black "Czebe,A"]
[Result "1/2-1/2"]
[WhiteElo "2405"]
[BlackElo "2497"]

1.e4 c5 2.Nf3 d6 3.Bb5+ Bd7 4.Bxd7+ Nxd7 5.O-O Ngf6 6.Re1 e6 7.c4 Ne5 8.d3 Be7
9.b3 Nfd7 10.Bb2 Bf6 11.Nc3 a6 12.Kh1 Nxf3 13.Qxf3 b5 14.Qe2 Rb8 15.f4 O-O
16.Rab1 Bd4 17.Nd1 Qa5 18.Bc1 Rbe8 19.Rf1 f5 20.Qc2 e5 21.Bd2 Qd8 22.Nc3 Nf6
23.exf5 Ng4 24.h3 Rxf5 25.Nd5 Ref8 26.Rf3 Nf6 27.Nxf6+ R5xf6 28.Rbf1 Qd7
29.Qd1 Qe6 30.fxe5 Bxe5 31.Qe2 Re8 32.Rxf6 Bxf6 33.Qxe6+ Rxe6 34.Re1 Kf7
35.g4 Be5 36.Kg2 Re8 37.Kf3 Ke6 38.Re4 Rf8+ 39.Ke2 d5 40.cxd5+ Kxd5 41.Be3 Rc8
42.Bf4 Re8 43.Kd2 Re6 44.Bxe5 Rxe5 45.Rf4 h5 46.Rf7 hxg4 47.hxg4 Rg5 48.Rf4 b4
49.Ke3 Re5+ 50.Kd2 a5 51.Rf7 Rg5 52.Rf4 Ke6 53.d4 Rd5 54.Ke3 cxd4+ 55.Rxd4 Rc5
56.Rd2 Ke5  1/2-1/2

[Event "TCh-HUN 2005-6"]
[Site "Hungary HUN"]
[Date "2005.10.16"]
[Round "1"]
[White "Pergel,L"]
[Black "Danner,G"]
[Result "1/2-1/2"]
[WhiteElo "2341"]
[BlackElo "2408"]

1.e4 c5 2.Nf3 d6 3.Bb5+ Bd7 4.Bxd7+ Qxd7 5.c4 Nc6 6.d4 Qg4 7.O-O Nxd4 8.Nxd4 Qxd1
9.Rxd1 cxd4 10.Rxd4 g6 11.Be3 Bg7 12.Rd2 Rc8 13.Na3 a6 14.Rad1 Nf6 15.f3 O-O
16.Kf2 Nd7 17.Bd4 Rc7 18.b3 Bxd4+ 19.Rxd4 Rfc8 20.Nc2 b5 21.Ne3 Ne5 22.Nd5 Rb7
23.cxb5 axb5 24.Nb4 Kg7 25.Ke2 g5 26.R4d2 h5 27.Rc2 Rh8 28.Rdc1 h4 29.h3 Ng6
30.Ke3 Nf4 31.Nd3 Nxd3 32.Kxd3 Ra8 33.Rd2 b4 34.Ke3 Ra5 35.Rcc2 Kf6 36.Rd4 Rb6
37.Rdd2 e6 38.Rf2 Kg6 39.f4 f5 40.Rc8 gxf4+ 41.Rxf4 Rxa2 42.exf5+ exf5 43.Rg8+ Kf6
44.Rf8+ Ke6 45.R8xf5 Rb2 46.Kd4 Kd7 47.Rf7+ Kc6 48.Rf3 Rxg2 49.R7f4 Rb5 50.Rxh4 Rd2+
51.Ke3 Rc2 52.Rd4 Re5+ 53.Kf4 Kc5 54.Rfd3 Re6 55.Rd5+ Kc6 56.R5d4 Kb5 57.Rxd6 Rxd6
58.Rxd6 Rc3 59.h4 Rxb3 60.h5 Rh3 61.Kg5 b3 62.Rd8 Kc4 63.Rb8  1/2-1/2

[Event "Femida w"]
[Site "Kharkiv UKR"]
[Date "2005.10.16"]
[Round "1"]
[White "Kochetkova,J"]
[Black "Doluhanova,E"]
[Result "1/2-1/2"]
[WhiteElo "2346"]
[BlackElo "2270"]

1.e4 c5 2.Nf3 d6 3.Bb5+ Bd7 4.Bxd7+ Qxd7 5.c4 Nc6 6.O-O e5 7.d3 g6 8.Nc3 Bg7
9.Nd5 Nce7 10.Ne3 Nf6 11.Rb1 O-O 12.Nh4 Nc6 13.f4 exf4 14.Rxf4 Ne5 15.Rf1 Neg4
16.h3 Nxe3 17.Bxe3 Qe7 18.Bg5 h6 19.Bxf6 Bxf6 20.Nf3 Bg7 21.Qd2 Rab8 22.b4 Qd7
23.Kh1 b5 24.Rfd1 Qc6 25.bxc5 dxc5 26.Qf4 g5 27.Qg3 Rb6 28.cxb5 Rxb5 29.Rxb5 Qxb5
30.h4 Qa4 31.Rf1 f6 32.Qf2 Qb5 33.d4 g4 34.Nh2 g3 35.Qxg3 cxd4 36.Rd1 f5
37.exf5 Qxf5 38.Nf3 Qf4 39.Qg6 Rf6 40.Qd3 Rd6 41.Re1 Rd8 42.Re7 Rc8 43.Qb3+ Kh8
44.Re1 Rc1 45.Qe6 Rxe1+ 46.Qxe1 d3 47.Qd1 Qc4 48.Qe1 Qxa2 49.Qe8+ Qg8 50.Qd7 Qb3
51.Qc8+ Qg8 52.Qd7  1/2-1/2

[Event "Chigorin Mem"]
[Site "St Petersburg RUS"]
[Date "2005.10.16"]
[Round "2"]
[White "Slugin,S"]
[Black "Lugovoi,A"]
[Result "0-1"]
[WhiteElo "2410"]
[BlackElo "2547"]

1.e4 c5 2.Nf3 d6 3.Bb5+ Bd7 4.Bxd7+ Qxd7 5.O-O Nc6 6.c3 Nf6 7.Qe2 e6 8.d3 Be7
9.Nbd2 O-O 10.b3 Qc7 11.Re1 d5 12.e5 Nd7 13.Nf1 Rae8 14.d4 f6 15.exf6 Bxf6
16.Bg5 Bxg5 17.Nxg5 e5 18.Qd3 Nf6 19.dxe5 Nxe5 20.Qh3 Qb6 21.Rad1 c4 22.Qe3 Qc6
23.Qxa7 b6 24.bxc4 dxc4 25.Rb1 Nfd7 26.Qa6 Qg6 27.f4 Rxf4 28.Nh3 Nf3+ 29.Kh1 Nxe1  0-1